000
00227nam a22000857a 4500
008
160708b xxu||||| |||| 00| 0 eng d
100
_9
2424
_a
Hammett, C.T
245
_a
Your Own Book of Campcraft
260
_a
N.Y
_b
Pocket Books
_c
1960
999
_c
2099
_d
2099